Normal view
MARC view
Entry Topical Term
001 - CONTROL NUMBER
- control field: 260555
003 - CONTROL NUMBER IDENTIFIER
- control field: OSt
005 - DATE AND TIME OF LATEST TRANSACTION
- control field: 20260407155236.0
008 - FIXED-LENGTH DATA ELEMENTS
- fixed length control field: 260407|| aca||aabn | a|a d
040 ## - CATALOGING SOURCE
- Original cataloging agency: OSt
- Transcribing agency: OSt
150 ## - HEADING--TOPICAL TERM
- Topical term or geographic name entry element: Hindi Criticism
670 ## - SOURCE DATA FOUND
- Source citation: Work cat.: (OSt)108156: SINHA (Surendrnath). सिन्हा (सुरेंद्रनाथ) 260553, Prasad ke kavy aur natak darshanik stroth, 1990